000 01031nam a2200289 i 4500
001 181043
003 ES-MaACL
005 20251001174222.0
008 121005s2011 sp | |||||||| | spa d
020 _a978-84-9892-204-2
080 _a323.281(460)"1936/75"
100 1 _aVega Sombría, Santiago.
_9113625
245 1 3 _aLa política del miedo :
_bel papel de la represión en el franquismo /
_cSantiago Vega Sombría ; prólogo de Francisco Espinosa.
250 _a1ª ed.
260 _aBarcelona :
_bCrítica,
_c2011.
300 _a429 p. ;
_c24 cm.
490 1 _aCrítica contrastes
500 _aÍndice.
504 _aBibliografía: p. 397-429.
650 4 _aRepresión política-
_zEspaña-
_y1936-1939.
_9146637
650 4 _aRepresión política-
_zEspaña-
_y1939-1975.
_9145752
700 1 _aEspinosa Maestre, Francisco,
_d1954-
_947916
830 1 _aCrítica contrastes
_9180307
852 4 _aES-MaACL
_jA-12253
_9187926
_bR.147165
_cDEPO1
_dOlim: N-5258
942 _2udc
_cMONOGRAFIA
999 _c181043
_d181043